banner koha

Flora das cangas da Serra dos Carajás, Pará, Brasil: Proteaceae (Registro n. 331037)

MARC details
000 -LÍDER
fixed length control field 01690nab a2200229 i 4500
003 - CÓDIGO MARC DA AGÊNCIA CATALOGADORA
Campo de controle BR-BrBNA
005 - DATA E HORA DA ÚLTIMA ATUALIZAÇÃO
Campo de controle 20250415104647.0
008 - CAMPO DE TAMANHO FIXO
fixed length control field 250415b2016 bl.qr|pooa||| 00| 0 por |
040 ## - FONTE DA CATALOGAÇÃO
Agência catalogadora BR-BrBNA
Idioma da catalogação por
072 ## - CATEGORIA AGRIS
Código AGRIS F70
100 ## - ENTRADA PRINCIPAL - NOME PESSOAL
Nome pessoal Hall, Climbiê Ferreira
245 ## - TÍTULO PRINCIPAL
Título principal Flora das cangas da Serra dos Carajás, Pará, Brasil: Proteaceae
500 ## - NOTA GERAL
Nota geral Publicação on-line; 5 ref.; 1 illus.; Summaries (En, Pt)
942 ## - ADDED ENTRY ELEMENTS (KOHA)
Koha item type Analítica
520 ## - NOTA DE RESUMO
Nota de conteúdo <br/><br/>Resumo<br/><br/>O presente estudo apresenta o tratamento taxonômico de Proteaceae para as formações de canga da Serra dos<br/>Carajás (Pará, Brasil), onde foi registrada apenas uma espécie, Roupala montana, táxon de ampla variação<br/>morfológica e distribuição Neotropical. São apresentadas descrição detalhada, comentários e ilustração da<br/>espécie.<br/><br/>Palavras-chave: FLONA Carajás, Roupala montana, taxonomia.<br/><br/><br/><br/><br/>Abstract<br/><br/>This study presents the taxonomic treatment of Proteaceae for the canga formations of the Serra dos Carajás<br/>(Pará state, Brazil), where only one species was recorded, Roupala montana, taxon of wide morphological<br/>variation and Neotropical distribution. Detailed description, comments and illustration of the species are<br/>presented.<br/><br/>Key words: FLONA Carajás, Roupala montana, taxonomy.
650 ## - ASSUNTO - THESAGRO
Cabeçalho tópico ou nome geográfico CARAJÁS
650 ## - ASSUNTO - THESAGRO
Cabeçalho tópico ou nome geográfico TAXONOMIA
650 ## - ASSUNTO - THESAGRO
Cabeçalho tópico ou nome geográfico PARÁ
773 0# - ENTRADA ANALÍTICA
Host Biblionumber 709
Registro do item 349694
Imprenta Rio de Janeiro-RJ Jardim Botanico do Rio de Janeiro 1935
Outro identificador 2025-2214
Título Rodriguésia (Brazil)
ISSN 0370-6583; 2175-7860 on-line
Colação v. 67(5 special number) p. 1463-1465; (2016)
Número de controle de registro BR2025000682
856 ## - ACESSO E ENDEREÇO ELETRÔNICO
Identificador uniforme de recurso - URI https://www.scielo.br/j/rod/a/vpkKzVmNyrjPrmDkzvXM9Lx/?format=pdf&lang=pt

Nenhum exemplar disponível.

BINAGRI

Telefone: (61)3218-2567/2388/3357/2097 - binagri@agro.gov.br

Ministério da Agricultura e Pecuária , Esplanada dos Ministérios, Bloco D, Anexo B, Brasília/DF, CEP: 70.043-900